[Event "Team men HL chess 2016"]
[Site "Sochi"]
[Date "2016.05.02"]
[Round "2.11"]
[White "Tarasov, Alexandr"]
[Black "Aivazian, Grigory"]
[Result "1-0"]
[WhiteElo "2323"]
[BlackElo "2315"]
[PlyCount "105"]
[EventDate "2016.05.01"]

1. Nf3 Nf6 2. c4 b6 3. g3 Bb7 4. Bg2 e6 5. O-O Be7 6. Nc3 O-O 7. Re1 d5 8. cxd5
exd5 9. d4 Nbd7 10. Bf4 a6 11. Qc2 Re8 12. Rad1 b5 13. Ne5 Bd6 14. Qf5 g6 15.
Qg5 Ne4 16. Qxd8 Raxd8 17. Nd3 Bxf4 18. Nxf4 Nxc3 19. bxc3 Nb6 20. g4 Na4 21.
Rc1 c5 22. Bf3 c4 23. Kg2 Rd6 24. e3 Bc6 25. Bd1 Rb8 26. a3 a5 27. Ne2 b4 28.
axb4 axb4 29. Bxa4 Bxa4 30. cxb4 Rxb4 31. Nc3 Bd7 32. Kg3 Rb3 33. g5 Kg7 34. f3
Bc6 35. Re2 Rd8 36. h4 Ra8 37. Kf4 Raa3 38. Rec2 f6 39. e4 Ra5 40. Re2 dxe4 41.
fxe4 fxg5+ 42. hxg5 h6 43. gxh6+ Kxh6 44. d5 Bb7 45. Rh2+ Kg7 46. Rch1 Ra8 47.
Rh7+ Kf8 48. Ne2 g5+ 49. Kxg5 Bxd5 50. exd5 Ra5 51. Nf4 Rf3 52. Ng6+ Ke8 53.
Re7+ 1-0

[Event "Team men HL chess 2016"]
[Site "Sochi"]
[Date "2016.05.02"]
[Round "2.11"]
[White "Kulumbekov, Giya"]
[Black "Kovalev, Egor"]
[Result "0-1"]
[WhiteElo "2052"]
[BlackElo "2207"]
[PlyCount "74"]
[EventDate "2016.05.01"]

1. d4 Nf6 2. c4 g6 3. Nc3 d5 4. Nf3 Bg7 5. Qb3 dxc4 6. Qxc4 a6 7. e4 b5 8. Qb3
O-O 9. Be2 c5 10. dxc5 Bb7 11. e5 Nfd7 12. Be3 Nxe5 13. Rd1 Qa5 14. Nxe5 Bxe5
15. O-O e6 16. a4 Bxc3 17. bxc3 Qxa4 18. Qb2 Qh4 19. c4 Nc6 20. cxb5 axb5 21.
Rd7 Rab8 22. Bf3 Ba8 23. g3 Qh3 24. Bg2 Qh5 25. f4 Na5 26. Bf2 Bxg2 27. Kxg2
Qf5 28. Qd4 Nc6 29. Qe3 Rfd8 30. Rfd1 Rxd7 31. Rxd7 b4 32. Qf3 b3 33. g4 Qc2
34. Qxc6 b2 35. Rxf7 b1=Q 36. Rg7+ Kxg7 37. Qd7+ Kh8 0-1

[Event "Team men HL 2016"]
[Site "Sochi"]
[Date "2016.05.03"]
[Round "3.1"]
[White "Ponkratov, Pavel"]
[Black "Nozdrachev, Vladislav"]
[Result "1-0"]
[LiveChessVersion "1.4.4"]
[BlackElo "2465"]
[WhiteElo "2595"]

1. d4 {[%clk 1:30:50]} Nf6 {[%clk 1:30:55]} 2. c4 {[%clk 1:31:12]} e6
{[%clk 1:31:21]} 3. Nc3 {[%clk 1:31:32]} Bb4 {[%clk 1:31:45]} 4. g3
{[%clk 1:31:58]} d5 {[%clk 1:30:41]} 5. Bg2 {[%clk 1:32:16]} O-O {[%clk 1:30:59]}
6. Nf3 {[%clk 1:32:43]} dxc4 {[%clk 1:28:47]} 7. a3 {[%clk 1:33:08]} Bxc3+
{[%clk 1:21:07]} 8. bxc3 {[%clk 1:33:34]} Nbd7 {[%clk 1:21:29]} 9. a4
{[%clk 1:31:50]} a5 {[%clk 1:17:34]} 10. O-O {[%clk 1:31:53]} Nb6
{[%clk 1:12:41]} 11. Qc2 {[%clk 1:32:03]} Bd7 {[%clk 1:07:12]} 12. Ne5
{[%clk 1:12:42]} Nfd5 {[%clk 1:07:01]} 13. e4 {[%clk 1:12:03]} Ne7
{[%clk 1:07:20]} 14. Re1 {[%clk 1:05:11]} Ng6 {[%clk 0:59:25]} 15. Nxd7
{[%clk 0:57:38]} Qxd7 {[%clk 0:59:18]} 16. h4 {[%clk 0:57:57]} h6
{[%clk 0:57:07]} 17. Ba3 {[%clk 0:54:10]} Rfe8 {[%clk 0:54:38]} 18. Bc5
{[%clk 0:53:26]} e5 {[%clk 0:49:29]} 19. Reb1 {[%clk 0:43:00]} Qc6
{[%clk 0:45:56]} 20. Rb5 {[%clk 0:41:52]} Nd7 {[%clk 0:39:12]} 21. Ba3
{[%clk 0:41:35]} Qa6 {[%clk 0:30:20]} 22. Rab1 {[%clk 0:36:49]} Rab8
{[%clk 0:30:33]} 23. Bh3 {[%clk 0:30:10]} Nf6 {[%clk 0:30:31]} 24. d5
{[%clk 0:28:17]} Ne7 {[%clk 0:24:46]} 25. Bf1 {[%clk 0:23:31]} b6
{[%clk 0:25:10]} 26. Bxc4 {[%clk 0:23:39]} Qc8 {[%clk 0:25:35]} 27. Bf1
{[%clk 0:22:53]} Qg4 {[%clk 0:22:22]} 28. Bg2 {[%clk 0:23:17]} Nd7
{[%clk 0:22:46]} 29. c4 {[%clk 0:19:50]} c6 {[%clk 0:22:59]} 30. R5b2
{[%clk 0:20:08]} Rbc8 {[%clk 0:21:53]} 31. Kh2 {[%clk 0:16:55]} cxd5
{[%clk 0:21:43]} 32. Bh3 {[%clk 0:15:00]} Qf3 {[%clk 0:22:07]} 33. Bxd7
{[%clk 0:14:47]} Qxa3 {[%clk 0:22:19]} 34. Bxe8 {[%clk 0:15:12]} Rxe8
{[%clk 0:22:44]} 35. cxd5 {[%clk 0:15:39]} Nc8 {[%clk 0:22:46]} 36. Kg2
{[%clk 0:15:48]} Rf8 {[%clk 0:22:58]} 37. Qb3 {[%clk 0:15:08]} Qe7
{[%clk 0:23:04]} 38. Rc1 {[%clk 0:14:37]} Nd6 {[%clk 0:23:02]} 39. Qa3
{[%clk 0:12:26]} Qd7 {[%clk 0:22:49]} 40. Rxb6 {[%clk 0:38:03]} Nxe4
{[%clk 0:53:02]} 41. Qd3 {[%clk 0:38:18]} Nf6 {[%clk 0:51:49]} 42. Rb5
{[%clk 0:37:18]} e4 {[%clk 0:51:50]} 43. Qb3 {[%clk 0:36:13]} Kh7
{[%clk 0:51:37]} 44. Rd1 {[%clk 0:34:40]} Re8 {[%clk 0:49:38]} 45. d6
{[%clk 0:24:38]} e3 {[%clk 0:44:37]} 46. f3 {[%clk 0:24:45]} e2 {[%clk 0:43:20]}
47. Qd3+ {[%clk 0:25:09]} g6 {[%clk 0:43:42]} 48. Re1 {[%clk 0:25:34]} Re6
{[%clk 0:43:58]} 49. Rb6 {[%clk 0:24:53]} Qxa4 {[%clk 0:40:05]} 50. Rxe2
{[%clk 0:22:20]} Rxe2+ {[%clk 0:40:27]} 51. Qxe2 {[%clk 0:22:47]} Nd7
{[%clk 0:40:38]} 52. Rb2 {[%clk 0:21:19]} Qc6 {[%clk 0:39:04]} 53. h5
{[%clk 0:21:31]} g5 {[%clk 0:36:03]} 54. Qe4+ {[%clk 0:21:37]} Qxe4
{[%clk 0:36:27]} 55. fxe4 {[%clk 0:22:04]} Kg7 {[%clk 0:36:55]} 56. Rb7
{[%clk 0:22:28]} Nc5 {[%clk 0:37:19]} 57. Rc7 {[%clk 0:22:49]} Ne6
{[%clk 0:37:43]} 58. e5 {[%clk 0:23:10]} 1-0

[Event "Team men HL 2016"]
[Site "Sochi"]
[Date "2016.05.03"]
[Round "3.2"]
[White "Moskalenko, Alexander"]
[Black "Volkov, Sergey"]
[Result "1/2-1/2"]
[LiveChessVersion "1.4.4"]
[BlackElo "2611"]
[WhiteElo "2464"]

1. e4 {[%clk 1:30:47]} e6 {[%clk 1:30:53]} 2. d4 {[%clk 1:31:10]} d5
{[%clk 1:31:15]} 3. Nd2 {[%clk 1:31:21]} c5 {[%clk 1:31:29]} 4. c3
{[%clk 1:29:08]} cxd4 {[%clk 1:31:28]} 5. cxd4 {[%clk 1:29:35]} dxe4
{[%clk 1:31:51]} 6. Nxe4 {[%clk 1:30:00]} Bb4+ {[%clk 1:31:56]} 7. Nc3
{[%clk 1:30:23]} Nf6 {[%clk 1:31:26]} 8. Nf3 {[%clk 1:30:48]} O-O
{[%clk 1:31:07]} 9. Bd3 {[%clk 1:30:41]} Nc6 {[%clk 1:30:28]} 10. O-O
{[%clk 1:30:55]} Ne7 {[%clk 1:29:48]} 11. Bg5 {[%clk 1:25:36]} Ng6
{[%clk 1:24:40]} 12. Qb3 {[%clk 1:13:14]} Be7 {[%clk 1:23:14]} 13. Rad1
{[%clk 1:12:57]} Bd7 {[%clk 1:12:27]} 14. Qxb7 {[%clk 0:46:43]} Rb8
{[%clk 1:10:04]} 15. Qxa7 {[%clk 0:44:38]} Ra8 {[%clk 1:10:17]} 16. Qb7
{[%clk 0:44:58]} Rb8 {[%clk 1:10:18]} 17. Qa7 {[%clk 0:43:55]} Ra8
{[%clk 1:10:38]} 18. Qb7 {[%clk 0:44:17]} Rb8 {[%clk 1:10:52]} 19. Qa7
{[%clk 0:38:13]} 1/2-1/2

[Event "Team men HL 2016"]
[Site "Sochi"]
[Date "2016.05.03"]
[Round "3.3"]
[White "Kryakvin, Dmitry"]
[Black "Sarana, Alexey"]
[Result "1-0"]
[LiveChessVersion "1.4.4"]
[BlackElo "2422"]
[WhiteElo "2532"]

1. Nf3 {[%clk 1:30:53]} Nf6 {[%clk 1:30:47]} 2. c4 {[%clk 1:31:16]} e6
{[%clk 1:31:09]} 3. g3 {[%clk 1:31:23]} d5 {[%clk 1:31:14]} 4. Bg2
{[%clk 1:31:43]} Be7 {[%clk 1:26:52]} 5. O-O {[%clk 1:31:59]} O-O
{[%clk 1:27:19]} 6. d4 {[%clk 1:31:45]} dxc4 {[%clk 1:27:47]} 7. Qc2
{[%clk 1:31:26]} a6 {[%clk 1:27:59]} 8. a4 {[%clk 1:31:48]} Bd7 {[%clk 1:27:04]}
9. Qxc4 {[%clk 1:32:11]} Bc6 {[%clk 1:27:27]} 10. Bg5 {[%clk 1:32:29]} Bd5
{[%clk 1:15:25]} 11. Qc2 {[%clk 1:31:43]} Be4 {[%clk 1:14:02]} 12. Qd1
{[%clk 1:28:06]} h6 {[%clk 1:06:23]} 13. Bxf6 {[%clk 1:19:04]} Bxf6
{[%clk 1:06:51]} 14. Nbd2 {[%clk 1:19:12]} Bxf3 {[%clk 0:52:27]} 15. Nxf3
{[%clk 1:18:44]} c5 {[%clk 0:52:14]} 16. dxc5 {[%clk 1:18:19]} Qa5
{[%clk 0:45:05]} 17. Ne1 {[%clk 1:07:23]} Qxc5 {[%clk 0:43:16]} 18. Bxb7
{[%clk 1:07:22]} Ra7 {[%clk 0:43:38]} 19. Nd3 {[%clk 1:07:29]} Qb6
{[%clk 0:42:52]} 20. Bg2 {[%clk 1:06:08]} a5 {[%clk 0:43:17]} 21. Ra3
{[%clk 1:01:46]} Qd4 {[%clk 0:36:05]} 22. Rb3 {[%clk 0:58:30]} Nd7
{[%clk 0:32:17]} 23. Rb5 {[%clk 0:57:59]} Ne5 {[%clk 0:30:33]} 24. Nxe5
{[%clk 0:40:24]} Bxe5 {[%clk 0:31:02]} 25. e3 {[%clk 0:39:06]} Qxd1
{[%clk 0:28:03]} 26. Rxd1 {[%clk 0:39:32]} Bf6 {[%clk 0:28:28]} 27. Bb7
{[%clk 0:35:40]} Rd8 {[%clk 0:28:11]} 28. Rxd8+ {[%clk 0:34:36]} Bxd8
{[%clk 0:28:40]} 29. f4 {[%clk 0:33:38]} Kf8 {[%clk 0:27:43]} 30. e4
{[%clk 0:31:37]} Ke7 {[%clk 0:27:32]} 31. e5 {[%clk 0:29:40]} Kd7
{[%clk 0:27:53]} 32. Kg2 {[%clk 0:28:27]} Kc7 {[%clk 0:28:12]} 33. Be4
{[%clk 0:28:24]} h5 {[%clk 0:27:49]} 34. b4 {[%clk 0:26:12]} axb4
{[%clk 0:25:44]} 35. Rxb4 {[%clk 0:26:39]} Be7 {[%clk 0:25:51]} 36. Rc4+
{[%clk 0:26:31]} Kb6 {[%clk 0:26:20]} 37. Bc6 {[%clk 0:18:02]} Bc5
{[%clk 0:23:00]} 38. Be8 {[%clk 0:17:12]} Rc7 {[%clk 0:21:11]} 39. h4
{[%clk 0:16:17]} Ka5 {[%clk 0:21:16]} 40. Bxf7 {[%clk 0:45:25]} Rxf7
{[%clk 0:51:25]} 41. Rxc5+ {[%clk 0:45:51]} Kxa4 {[%clk 0:51:53]} 42. Rc8
{[%clk 0:45:35]} Kb5 {[%clk 0:52:05]} 43. Rh8 {[%clk 0:44:34]} Kc4
{[%clk 0:50:32]} 44. Rxh5 {[%clk 0:44:56]} Kd4 {[%clk 0:51:00]} 45. Kf3
{[%clk 0:45:10]} Ke4+ {[%clk 0:50:57]} 46. Kxe4 1-0

[Event "Team men HL 2016"]
[Site "Sochi"]
[Date "2016.05.03"]
[Round "3.4"]
[White "Chernobay, Artem"]
[Black "Shariyazdanov, Andrey"]
[Result "1/2-1/2"]
[LiveChessVersion "1.4.4"]
[BlackElo "2527"]
[WhiteElo "2503"]

1. e4 {[%clk 1:30:55]} e6 {[%clk 1:30:54]} 2. d4 {[%clk 1:31:09]} d5
{[%clk 1:31:19]} 3. exd5 {[%clk 1:30:30]} exd5 {[%clk 1:31:44]} 4. c4
{[%clk 1:30:54]} Nf6 {[%clk 1:31:25]} 5. Nc3 {[%clk 1:31:01]} Be7
{[%clk 1:31:35]} 6. Bd3 {[%clk 1:30:42]} Be6 {[%clk 1:30:42]} 7. cxd5
{[%clk 1:29:12]} Nxd5 {[%clk 1:31:08]} 8. Nge2 {[%clk 1:29:29]} O-O
{[%clk 1:28:53]} 9. O-O {[%clk 1:29:39]} Nd7 {[%clk 1:26:41]} 10. Re1
{[%clk 1:14:04]} N7f6 {[%clk 1:24:08]} 11. Nf4 {[%clk 1:11:56]} Nxf4
{[%clk 1:21:52]} 12. Bxf4 {[%clk 1:12:20]} c6 {[%clk 1:21:14]} 13. Be5
{[%clk 1:04:03]} Re8 {[%clk 1:19:38]} 14. Qf3 {[%clk 1:00:50]} Qd7
{[%clk 1:10:51]} 15. h3 {[%clk 0:58:22]} Nd5 {[%clk 1:05:01]} 16. Rad1
{[%clk 0:45:51]} f6 {[%clk 0:56:13]} 17. Bg3 {[%clk 0:40:03]} Bf8
{[%clk 0:48:13]} 18. Ne4 {[%clk 0:31:58]} Nb4 {[%clk 0:38:49]} 19. Nc5
{[%clk 0:17:14]} Bxc5 {[%clk 0:38:28]} 20. dxc5 {[%clk 0:17:40]} Nxd3
{[%clk 0:32:49]} 21. Qxd3 {[%clk 0:17:39]} Qxd3 {[%clk 0:32:17]} 22. Rxd3
{[%clk 0:18:05]} Bd5 {[%clk 0:32:35]} 23. Rxe8+ {[%clk 0:14:12]} Rxe8
{[%clk 0:32:56]} 24. Ra3 {[%clk 0:14:16]} Re1+ {[%clk 0:29:59]} 25. Kh2
{[%clk 0:14:44]} Re2 {[%clk 0:29:29]} 26. Rxa7 {[%clk 0:14:41]} Rxb2
{[%clk 0:29:55]} 27. a4 {[%clk 0:14:35]} g5 {[%clk 0:29:24]} 28. h4
{[%clk 0:12:39]} h6 {[%clk 0:29:30]} 29. Kg1 {[%clk 0:12:10]} Rb1+
{[%clk 0:26:33]} 30. Kh2 {[%clk 0:12:36]} Rb2 {[%clk 0:26:50]} 31. Kg1
{[%clk 0:12:57]} Rb1+ {[%clk 0:27:13]} 32. Kh2 {[%clk 0:13:27]} Rb2
{[%clk 0:27:35]} 1/2-1/2

[Event "Team men HL 2016"]
[Site "Sochi"]
[Date "2016.05.03"]
[Round "3.5"]
[White "Palachev, Petr"]
[Black "Chigaev, Maksim"]
[Result "1/2-1/2"]
[LiveChessVersion "1.4.4"]
[BlackElo "2552"]
[WhiteElo "2403"]

1. d4 {[%clk 1:30:51]} Nf6 {[%clk 1:30:55]} 2. c4 {[%clk 1:31:09]} e6
{[%clk 1:31:21]} 3. Nf3 {[%clk 1:31:26]} b6 {[%clk 1:31:46]} 4. g3
{[%clk 1:31:43]} Bb7 {[%clk 1:32:11]} 5. Bg2 {[%clk 1:32:06]} Be7
{[%clk 1:32:35]} 6. O-O {[%clk 1:32:26]} O-O {[%clk 1:33:01]} 7. Nc3
{[%clk 1:32:27]} Ne4 {[%clk 1:33:25]} 8. Qd3 {[%clk 1:32:31]} Nxc3
{[%clk 1:33:38]} 9. Qxc3 {[%clk 1:32:59]} f5 {[%clk 1:34:00]} 10. b3
{[%clk 1:33:09]} Bf6 {[%clk 1:34:15]} 11. Bb2 {[%clk 1:33:21]} d6
{[%clk 1:33:44]} 12. Rad1 {[%clk 1:30:35]} Qe8 {[%clk 1:33:37]} 13. Ne1
{[%clk 1:29:00]} Bxg2 {[%clk 1:33:26]} 14. Nxg2 {[%clk 1:29:28]} Nd7
{[%clk 1:32:57]} 15. Qc2 {[%clk 1:29:48]} a5 {[%clk 1:26:44]} 16. Rfe1
{[%clk 1:25:00]} Qf7 {[%clk 1:25:20]} 17. e4 {[%clk 1:24:13]} fxe4
{[%clk 1:25:02]} 18. Qxe4 {[%clk 1:24:39]} e5 {[%clk 1:22:19]} 19. f4
{[%clk 0:57:13]} exd4 {[%clk 1:18:58]} 20. Bxd4 {[%clk 0:57:25]} a4
{[%clk 1:19:09]} 21. Qc6 {[%clk 0:46:59]} Bxd4+ {[%clk 1:13:32]} 22. Rxd4
{[%clk 0:47:20]} axb3 {[%clk 1:13:47]} 23. axb3 {[%clk 0:47:33]} Ne5
{[%clk 1:13:47]} 24. Qe4 {[%clk 0:46:46]} Rae8 {[%clk 1:11:54]} 25. Rd2
{[%clk 0:38:40]} Ng4 {[%clk 1:07:19]} 26. Qf3 {[%clk 0:31:44]} Rxe1+
{[%clk 1:05:59]} 27. Nxe1 {[%clk 0:32:01]} Qf5 {[%clk 1:05:53]} 28. Re2
{[%clk 0:27:32]} Nf6 {[%clk 1:05:34]} 29. Kg2 {[%clk 0:26:58]} Re8
{[%clk 1:04:05]} 30. Rxe8+ {[%clk 0:26:53]} Nxe8 {[%clk 1:04:26]} 31. Nd3
{[%clk 0:20:29]} Nf6 {[%clk 1:03:24]} 32. Nf2 {[%clk 0:20:35]} Qc2
{[%clk 0:58:27]} 33. Qb7 {[%clk 0:17:52]} h5 {[%clk 0:57:21]} 34. h3
{[%clk 0:12:58]} Qxb3 {[%clk 0:53:22]} 35. Qc8+ {[%clk 0:12:32]} Kh7
{[%clk 0:53:44]} 36. Qf5+ {[%clk 0:12:56]} Kh8 {[%clk 0:54:01]} 37. Qc8+
{[%clk 0:13:19]} Ng8 {[%clk 0:53:57]} 38. Qxc7 {[%clk 0:13:43]} d5
{[%clk 0:54:23]} 39. cxd5 {[%clk 0:10:58]} Qxd5+ {[%clk 0:54:47]} 40. Kg1
{[%clk 0:39:44]} b5 {[%clk 1:23:22]} 41. Qe5 {[%clk 0:32:18]} Nf6
{[%clk 1:23:44]} 42. Qxd5 {[%clk 0:32:23]} Nxd5 {[%clk 1:24:07]} 43. Nd3
{[%clk 0:32:48]} b4 {[%clk 1:23:08]} 44. Kf2 {[%clk 0:32:30]} b3 {[%clk 1:23:08]}
45. Kf3 {[%clk 0:32:37]} Kh7 {[%clk 1:21:09]} 46. Nb2 {[%clk 0:28:52]} Kg6
{[%clk 1:20:53]} 47. Ke4 {[%clk 0:28:24]} Nf6+ {[%clk 1:20:54]} 48. Ke5
{[%clk 0:25:46]} Kf7 {[%clk 1:18:23]} 49. Nd3 {[%clk 0:23:33]} Ke7
{[%clk 1:14:43]} 50. Kf5 {[%clk 0:22:07]} Kf8 {[%clk 1:06:03]} 51. Nb2
{[%clk 0:20:53]} Kf7 {[%clk 1:05:56]} 52. Ke5 {[%clk 0:17:40]} g6
{[%clk 1:05:30]} 53. Nd3 {[%clk 0:15:36]} Ke7 {[%clk 1:04:53]} 54. Kd4
{[%clk 0:13:10]} Kd6 {[%clk 1:03:35]} 55. Kc4 {[%clk 0:12:29]} Ne4
{[%clk 1:03:44]} 56. g4 {[%clk 0:12:12]} hxg4 {[%clk 1:04:06]} 57. Kd4 Ke5+
1/2-1/2

[Event "Team men HL 2016"]
[Site "Sochi"]
[Date "2016.05.03"]
[Round "3.6"]
[White "Rozum, Ivan"]
[Black "Mokshanov, Alexey"]
[Result "*"]
[LiveChessVersion "1.4.4"]
[BlackElo "2425"]
[WhiteElo "2559"]

1. Nf3 {[%clk 1:30:57]} Nf6 {[%clk 1:30:44]} 2. g3 {[%clk 1:31:09]} d5
{[%clk 1:31:07]} 3. Bg2 {[%clk 1:31:35]} e6 {[%clk 1:31:23]} 4. O-O
{[%clk 1:31:58]} Be7 {[%clk 1:31:51]} 5. c4 {[%clk 1:32:16]} O-O {[%clk 1:32:14]}
6. d4 {[%clk 1:32:41]} dxc4 {[%clk 1:32:38]} 7. Qc2 {[%clk 1:33:04]} a6
{[%clk 1:31:16]} 8. a4 {[%clk 1:33:28]} Bd7 {[%clk 1:30:39]} 9. Qxc4
{[%clk 1:33:50]} Bc6 {[%clk 1:30:23]} 10. Bg5 {[%clk 1:34:14]} Bd5
{[%clk 1:22:05]} 11. Qc2 {[%clk 1:32:50]} Be4 {[%clk 1:17:06]} 12. Qd1
{[%clk 1:33:10]} c5 {[%clk 1:16:08]} 13. dxc5 {[%clk 1:33:06]} Bxc5
{[%clk 1:14:06]} 14. Nbd2 {[%clk 1:32:52]} Bc6 {[%clk 1:12:52]} 15. Ne5
{[%clk 1:32:52]} Bxg2 {[%clk 1:12:50]} 16. Kxg2 {[%clk 1:33:17]} Be7
{[%clk 1:09:20]} 17. Ndf3 {[%clk 1:26:04]} Nbd7 {[%clk 1:05:52]} 18. Rc1
{[%clk 1:09:15]} Nxe5 {[%clk 1:03:04]} 19. Nxe5 {[%clk 1:05:49]} Nd5
{[%clk 0:59:36]} 20. Bxe7 {[%clk 1:05:18]} Qxe7 {[%clk 0:59:50]} 21. Qb3
{[%clk 1:05:26]} Rac8 {[%clk 0:40:36]} 22. Nd3 {[%clk 1:02:45]} Nf6
{[%clk 0:34:20]} 23. Rc4 {[%clk 0:49:40]} b5 {[%clk 0:30:48]} 24. axb5
{[%clk 0:47:06]} Qb7+ {[%clk 0:30:28]} 25. f3 {[%clk 0:45:45]} Rxc4
{[%clk 0:24:02]} 26. Qxc4 {[%clk 0:46:09]} axb5 {[%clk 0:24:21]} 27. Qd4
{[%clk 0:45:40]} Rc8 {[%clk 0:23:39]} 28. Rc1 {[%clk 0:41:17]} h6
{[%clk 0:23:24]} 29. Rc5 {[%clk 0:40:12]} Rxc5 {[%clk 0:17:52]} 30. Qxc5
{[%clk 0:40:12]} Qd5 {[%clk 0:18:03]} 31. Qc8+ {[%clk 0:32:03]} Kh7
{[%clk 0:18:32]} 32. Qc7 {[%clk 0:31:25]} Nd7 {[%clk 0:16:03]} 33. Qc3
{[%clk 0:28:49]} e5 {[%clk 0:14:17]} 34. Qb4 {[%clk 0:23:33]} f6 {[%clk 0:12:16]}
35. Nf2 {[%clk 0:20:25]} Kg8 {[%clk 0:11:32]} 36. Ne4 {[%clk 0:19:42]} Qc4
{[%clk 0:10:33]} 37. Qd2 {[%clk 0:16:15]} Nc5 {[%clk 0:10:12]} 38. Nd6
{[%clk 0:14:49]} Qb3 {[%clk 0:07:07]} 39. Qc3 {[%clk 0:13:29]} Qd5
{[%clk 0:04:30]} 40. Nxb5 {[%clk 0:43:48]} Ne6 {[%clk 0:34:55]} 41. Qc8+
{[%clk 0:43:12]} Kh7 {[%clk 0:34:21]} 42. Qc2+ {[%clk 0:40:43]} Kg8
{[%clk 0:34:47]} 43. Nc3 {[%clk 0:40:19]} Qc4 {[%clk 0:34:10]} 44. Qa4
{[%clk 0:38:50]} Qc8 {[%clk 0:33:49]} 45. Qb3 {[%clk 0:33:32]} Kh8
{[%clk 0:33:42]} 46. Qd5 {[%clk 0:30:55]} Nd4 {[%clk 0:33:45]} 47. e3
{[%clk 0:26:17]} Nf5 {[%clk 0:33:52]} 48. Qd3 {[%clk 0:26:15]} Qb7
{[%clk 0:32:53]} 49. Nd1 {[%clk 0:25:38]} Ne7 {[%clk 0:31:45]} 50. b3
{[%clk 0:24:40]} Nd5 {[%clk 0:29:56]} 51. e4 {[%clk 0:24:06]} Nb4
{[%clk 0:30:03]} 52. Qd8+ {[%clk 0:23:41]} Kh7 {[%clk 0:30:32]} 53. Ne3
{[%clk 0:23:50]} Nc6 {[%clk 0:27:20]} 54. Qd5 {[%clk 0:23:58]} Qa7
{[%clk 0:27:42]} 55. Nf5 {[%clk 0:20:32]} Nd4 {[%clk 0:27:54]} 56. b4
{[%clk 0:15:44]} Qa3 {[%clk 0:27:04]} 57. Nxd4 {[%clk 0:15:05]} Qb2+
{[%clk 0:27:19]} 58. Kh3 {[%clk 0:14:30]} exd4 {[%clk 0:27:44]} 59. b5
{[%clk 0:14:56]} Qb1 {[%clk 0:27:11]} 60. Qxd4 {[%clk 0:09:42]} Qxb5
{[%clk 0:27:39]} 61. Kg2 {[%clk 0:07:25]} Qe2+ {[%clk 0:28:04]} 62. Qf2
{[%clk 0:07:50]} Qd3 {[%clk 0:28:31]} 63. g4 {[%clk 0:07:53]} Kg6
{[%clk 0:27:26]} 64. Qc5 {[%clk 0:07:34]} Qe2+ {[%clk 0:27:17]} 65. Kg3
{[%clk 0:08:03]} Kh7 {[%clk 0:27:17]} 66. h4 {[%clk 0:08:11]} Qe1+
{[%clk 0:27:28]} 67. Qf2 {[%clk 0:08:37]} Qb1 {[%clk 0:27:22]} 68. h5
{[%clk 0:09:02]} Kh8 {[%clk 0:24:41]} 69. Kg2 {[%clk 0:08:53]} Qd3
{[%clk 0:24:46]} 70. Qb2 {[%clk 0:08:51]} Qe3 {[%clk 0:23:46]} 71. Qc2
{[%clk 0:08:54]} Kg8 {[%clk 0:23:44]} 72. Kg3 {[%clk 0:08:53]} Kh8
{[%clk 0:23:35]} 73. Qf2 {[%clk 0:09:14]} Qd3 {[%clk 0:21:31]} 74. Qc5
{[%clk 0:09:21]} Qd2 {[%clk 0:20:07]} 75. Qf2 {[%clk 0:05:54]} Qd3
{[%clk 0:20:19]} 76. Qe1 {[%clk 0:06:17]} Kh7 {[%clk 0:19:37]} 77. Kf4
{[%clk 0:05:39]} Qc4 {[%clk 0:17:42]} 78. Qd2 {[%clk 0:04:44]} Qc7+
{[%clk 0:14:49]} 79. Ke3 {[%clk 0:05:09]} Qc5+ {[%clk 0:15:11]} 80. Ke2
{[%clk 0:05:30]} Qg1 {[%clk 0:14:04]} 81. Qe3 {[%clk 0:04:54]} Qg2+
{[%clk 0:14:12]} 82. Qf2 {[%clk 0:05:11]} Qh1 {[%clk 0:14:38]} 83. Qf1
{[%clk 0:04:58]} Qh2+ {[%clk 0:14:47]} 84. Ke3 {[%clk 0:05:24]} Qe5
{[%clk 0:14:57]} 85. Qd3 {[%clk 0:05:41]} Qc5+ {[%clk 0:14:20]} 86. Ke2
{[%clk 0:06:10]} Kh8 {[%clk 0:14:42]} 87. Kf1 {[%clk 0:06:30]} Qc1+
{[%clk 0:14:06]} 88. Kg2 {[%clk 0:06:49]} Qb2+ {[%clk 0:14:31]} 89. Kg3
{[%clk 0:07:07]} Qc1 {[%clk 0:14:56]} 90. Qd4 {[%clk 0:07:05]} Qe1+
{[%clk 0:15:00]} 91. Qf2 {[%clk 0:07:31]} Qb1 {[%clk 0:15:17]} 92. Qe3
{[%clk 0:07:55]} Kg8 {[%clk 0:14:16]} 93. e5 {[%clk 0:05:55]} fxe5
{[%clk 0:14:20]} 94. Qxe5 {[%clk 0:06:18]} Qc1 {[%clk 0:14:32]} 95. Qe8+
{[%clk 0:06:30]} Kh7 {[%clk 0:15:01]} 96. Qe4+ {[%clk 0:06:53]} Kh8
{[%clk 0:15:29]} 97. Qd3 {[%clk 0:06:51]} Kg8 {[%clk 0:15:35]} 98. Kf2
{[%clk 0:06:51]} Kh8 {[%clk 0:14:25]} 99. Ke2 {[%clk 0:06:59]} Qb2+
{[%clk 0:13:57]} 100. Ke3 {[%clk 0:07:23]} Qe5+ {[%clk 0:14:14]} 101. Qe4
{[%clk 0:07:47]} Qc3+ {[%clk 0:14:23]} 102. Kf4 {[%clk 0:08:06]} Qf6+
{[%clk 0:14:38]} 103. Kg3 {[%clk 0:08:05]} Qd6+ {[%clk 0:14:59]} 104. f4
{[%clk 0:07:23]} Qd2 {[%clk 0:14:36]} 105. Qe5 {[%clk 0:05:34]} Qd3+
{[%clk 0:13:26]} 106. Kh4 {[%clk 0:06:03]} Qf3 {[%clk 0:12:56]} 107. Qd4
{[%clk 0:05:03]} Kh7 {[%clk 0:11:02]} 108. Qd2 {[%clk 0:04:45]} Qh1+
{[%clk 0:09:53]} 109. Kg3 {[%clk 0:05:11]} Qg1+ {[%clk 0:10:20]} 110. Qg2
{[%clk 0:04:32]} Qe3+ {[%clk 0:10:31]} 111. Qf3 {[%clk 0:05:00]} Qg1+
{[%clk 0:10:33]} 112. Kh3 {[%clk 0:05:29]} Kh8 {[%clk 0:10:31]} 113. f5
{[%clk 0:04:29]} Qa1 {[%clk 0:10:13]} 114. Qe3 {[%clk 0:04:51]} Kh7
{[%clk 0:10:03]} 115. Kg3 {[%clk 0:05:15]} Qb1 {[%clk 0:09:25]} 116. Kf4
{[%clk 0:03:35]} Qb8+ {[%clk 0:09:29]} 117. Kf3 {[%clk 0:03:59]} Qb1
{[%clk 0:09:36]} 118. Kg3 {[%clk 0:03:54]} Qb8+ {[%clk 0:09:57]} 119. Qf4
{[%clk 0:04:02]} Qb3+ {[%clk 0:10:06]} 120. Kh4 {[%clk 0:04:30]} Qb1
{[%clk 0:10:14]} 121. Qf3 {[%clk 0:04:32]} Qe1+ {[%clk 0:10:28]} 122. Kh3
{[%clk 0:04:59]} Qb1 {[%clk 0:10:33]} 123. Qe3 {[%clk 0:04:36]} Qh1+
{[%clk 0:10:47]} 124. Kg3 {[%clk 0:05:02]} Qb1 {[%clk 0:11:14]} 125. Qd4
{[%clk 0:03:58]} Qb8+ {[%clk 0:11:23]} 126. Kf3 {[%clk 0:04:03]} Qb7+
{[%clk 0:11:40]} 127. Qe4 {[%clk 0:04:17]} Qb3+ {[%clk 0:12:04]} 128. Kg2
{[%clk 0:04:14]} Qb2+ {[%clk 0:12:24]} 129. Kg3 {[%clk 0:04:23]} Qc3+
{[%clk 0:12:07]} 130. Qf3 {[%clk 0:04:38]} Qe1+ {[%clk 0:11:54]} 131. Kh3
{[%clk 0:05:04]} Qb1 {[%clk 0:12:17]} 132. Qf2 {[%clk 0:04:48]} Qa1
{[%clk 0:12:16]} 133. f6 {[%clk 0:04:36]} Qxf6 {[%clk 0:12:13]} 134. Qxf6
{[%clk 0:04:47]} gxf6 {[%clk 0:12:42]} 135. Kg3 {[%clk 0:05:12]} *